Contaminación atmosférica y conciencia ciudadana

محفوظ في:
التفاصيل البيبلوغرافية
المؤلف الرئيسي: Simioni, Daniela (مؤلف)
التنسيق: كتاب
اللغة:الإسبانية
منشور في: Santiago CEPAL 2003
سلاسل:Libros de la CEPAL, 73
الموضوعات:
الوسوم: إضافة وسم
لا توجد وسوم, كن أول من يضع وسما على هذه التسجيلة!

MARC

LEADER 00000nam a2200000 a 4500
001 UCL2382
003 CL-VaPUC
008 031017e20030000CL |||||||||||||||||spa|d
020 |a 9213221576 
082 0 4 |a 363.7392  |b SIM  |2 21 
100 0 |a Simioni, Daniela  |e author  |9 479484 
245 1 0 |a Contaminación atmosférica y conciencia ciudadana 
300 |a 279 p 
942 |c BK 
945 |d 20031017 00:00:00  |a cmena 
260 |a Santiago  |b CEPAL  |c 2003 
650 0 |a Contaminación atmosférica  |9 262775 
650 0 |a Medio ambiente  |9 257625 
650 0 |a Ecología   |9 258124 
650 0 |a Conciencia  |9 309452 
650 0 |a Educación cívica  |9 314665 
650 0 |a Política gubernamental  |9 262286 
583 |a last modification  |c 20160913 11:05:02  |k Rodrigo Vera 
490 0 |a Libros de la CEPAL, 73 
999 |c 305721  |d 305719 
952 |0 0  |1 0  |4 0  |6 363_739200000000000_SIM_2003  |7 0  |8 A  |9 370006  |a BIBING  |b BIBING  |d 2019-11-21  |i 3923347  |o 363.7392 SIM 2003  |p 3923347  |r 2025-01-20  |w 2019-11-21  |y BK  |k ING